El Teatre a Buenos Aires : Teatro X la Identidad Teatro X la Identidad
Descripción Física:
246 p. ; 22 cm
MARC
| LEADER | 00000nam a2200000Ia 4500 | ||
|---|---|---|---|
| 001 | 14836 | ||
| 008 | 160829s2002 xx 000 0 cat d | ||
| 080 | |a L-2-30 | ||
| 245 | |a El Teatre a Buenos Aires : |b Teatro X la Identidad | ||
| 260 | |a Barcelona : |b Associació d'Investigació i Experimentació Teatral, |c 2002 | ||
| 300 | |a 246 p. ; |c 22 cm | ||
| 590 | |a Número monogràfic de la revista: Assaig de teatre : revista de l'Associació d'Investigació i Experimentació Teatral, Núm. 35 (des. 2002). | ||
| 590 | |a Notes, referències bibliogràfiques | ||
| 600 | 1 | 0 | |a Brecht, Bertolt, |d 1898-1956 |9 35620 |
| 650 | |a Teatre |x Buenos Aires |9 32646 | ||
| 650 | |a Teatre |x Cuba I |9 32648 | ||
| 650 | |a Teatre |9 20099 | ||
| 710 | 2 | |a Associació d'Investigació i Experimentació Teatral (Barcelona, Catalunya) |9 55513 | |
| 901 | |a Arxiu | ||
| 942 | |n 1 | ||
| 952 | |0 0 |1 0 |4 0 |6 L230 |7 1 |9 46058 |a Arxiu |b Arxiu |d 2016-12-01 |l 0 |o L-2-30 |p 14836 |r 2016-12-01 00:00:00 |w 2016-12-01 |y ARXIU | ||
| 999 | |c 49559 |d 49559 | ||